[Event "Kramniks Defense Pt. 1 "]
[Site "SchemingMind.com"]
[Date "2007.01.25"]
[Round "-"]
[White "markjburden"]
[Black "tacticrules"]
[Result "1-0"]
[WhiteCountry "GBR"]
[BlackCountry "GER"]
[WhiteElo "1732"]
[WhiteRD "59"]
[BlackElo "1573"]
[BlackRD "53"]
[GameID "88529"]

1. e4 e5 2. Nf3 Nf6 3. d4 Nxe4 4. Bd3 d5 5. dxe5 Nc6 6. Nbd2 Nxd2 7. Bxd2 Bg4 8. Bf4 f6 9. Bb5 a6 10. Bxc6+ bxc6
11. O-O Be7 12. Qd3 fxe5 13. Nxe5 Be6 14. Nxc6 Qd7 15. Nd4 O-O 16. Nxe6 Qxe6 17. Bxc7 Rac8 18. Rae1 Qd7 19. Be5 Bd6 20. Qxd5+ Kh8
21. Qxd6 Qxd6 22. Bxd6 Rfd8 23. Be5 Rxc2 24. Bc3 h6 25. Re7 Kg8 26. Rxg7+ Kf8 27. Ra7 Re2 28. Rxa6 Re7 29. Bb4
1-0

[Event "Kramniks Defense Pt. 1 "]
[Site "SchemingMind.com"]
[Date "2007.01.24"]
[Round "-"]
[White "tacticrules"]
[Black "markjburden"]
[Result "0-1"]
[WhiteCountry "GER"]
[BlackCountry "GBR"]
[WhiteElo "1554"]
[WhiteRD "51"]
[BlackElo "1748"]
[BlackRD "61"]
[GameID "88530"]

1. e4 e5 2. Nf3 Nf6 3. Nxe5 Qe7 4. d4 d6 5. Nf3 Qxe4+ 6. Qe2 Bf5 7. Nc3 Qxe2+ 8. Bxe2 Bxc2 9. O-O Nbd7 10. Bb5 O-O-O
11. Ng5 Bg6 12. Re1 h6 13. Nf3 c6 14. Bf1 d5 15. Bf4 Bf5 16. h3 g5 17. Bh2 Bb4 18. a3 Bxc3 19. bxc3 Ne4 20. Rac1 Rhe8
21. Bd3 Bg6 22. Red1 f5 23. Nd2 Ndf6 24. f3 Nxd2 25. Rxd2 Rg8 26. Be5 Nd7 27. Re1 Rde8 28. g4 f4 29. Bxg6 Rxg6 30. Rde2 Rge6
31. Kf2 Nb6 32. Kf1 Nc4 33. Kf2 a6 34. a4 Ne3 35. Rxe3 fxe3+ 36. Rxe3 Kd7 37. Kg3 b5 38. axb5 axb5 39. Re1 Ra8 40. Rb1 Kc8
41. Kf2 Ra3 42. Rc1 Ra2+ 43. Kg1 Re7 44. Rb1 Kd7 45. Re1 Rc2 46. Re3 Rb2 47. Re1 Rb3 48. Rc1 c5
0-1

[Event "Kramniks Defense Pt. 1 "]
[Site "SchemingMind.com"]
[Date "2007.01.25"]
[Round "-"]
[White "Adunatos"]
[Black "markjburden"]
[Result "1-0"]
[WhiteCountry "NED"]
[BlackCountry "GBR"]
[WhiteElo "2189"]
[WhiteRD "69"]
[BlackElo "1732"]
[BlackRD "59"]
[GameID "88713"]

1. e4 e5 2. Nf3 Nf6 3. Nxe5 Qe7 4. d4 d6 5. Nf3 Qxe4+ 6. Be2 Bf5 7. c4 Be7 8. Nc3 Qc2 9. Qxc2 Bxc2 10. Bg5 Nbd7
11. Rc1 Bg6 12. Nb5 Bd8 13. Nh4 O-O 14. Nxg6 fxg6 15. O-O a6 16. Nc3 c6 17. Rfe1 Bb6 18. Be3 Bc7 19. b4 b5 20. Bf3 bxc4
21. Bxc6 Rac8 22. Nd5 Kh8 23. Rxc4 Nxd5 24. Bxd7 Rcd8 25. Be6 Nxe3 26. fxe3 Rf6 27. d5 Bb8 28. Rc6 a5 29. b5 Rdf8 30. b6
1-0

[Event "Kramniks Defense Pt. 1 "]
[Site "SchemingMind.com"]
[Date "2007.01.25"]
[Round "-"]
[White "Adunatos"]
[Black "tacticrules"]
[Result "1-0"]
[WhiteCountry "NED"]
[BlackCountry "GER"]
[WhiteElo "2189"]
[WhiteRD "69"]
[BlackElo "1573"]
[BlackRD "53"]
[GameID "88714"]

1. e4 e5 2. Nf3 Nf6 3. Nxe5 d6 4. Nf3 Nxe4 5. d4 d5 6. Bd3 Be7 7. O-O Nc6 8. c4 Nb4 9. cxd5 Nxd3 10. Qxd3 Qxd5
11. Re1 Nf6 12. Nc3 Qd6 13. Nb5 Qc6 14. d5 Qb6 15. Be3 Qa5 16. Bc5 Ng8 17. b4 Qa6 18. Nxc7+
1-0

[Event "Kramniks Defense Pt. 1 "]
[Site "SchemingMind.com"]
[Date "2007.01.26"]
[Round "-"]
[White "markjburden"]
[Black "Adunatos"]
[Result "0-1"]
[WhiteCountry "GBR"]
[BlackCountry "NED"]
[WhiteElo "1732"]
[WhiteRD "59"]
[BlackElo "2189"]
[BlackRD "69"]
[GameID "88715"]

1. e4 e5 2. Nf3 Nf6 3. d4 Nxe4 4. Qe2 d5 5. Nxe5 Be7 6. Nd2 Nf6 7. Qe3 O-O 8. Bd3 Nc6 9. Nxc6 bxc6 10. O-O Bd6
11. h3 Nh5 12. Re1 Nf4 13. Nf3 Nxd3 14. Qxd3 h6 15. Be3 Qf6 16. Ne5 Bf5 17. Qc3 Rfe8 18. Nxc6 Qg6 19. Kh1 Be4 20. f3 Bxf3
21. gxf3 Qg3 22. f4 Qxh3+ 23. Kg1 Qg3+ 24. Kf1 Qh3+ 25. Ke2 Bxf4 26. Kd2 Rxe3 27. Rxe3 Re8 28. Ne5 Qg2+
0-1

[Event "Kramniks Defense Pt. 1 "]
[Site "SchemingMind.com"]
[Date "2007.01.26"]
[Round "-"]
[White "tacticrules"]
[Black "Adunatos"]
[Result "0-1"]
[WhiteCountry "GER"]
[BlackCountry "NED"]
[WhiteElo "1573"]
[WhiteRD "53"]
[BlackElo "2189"]
[BlackRD "69"]
[GameID "88716"]

1. e4 e5 2. Nf3 Nf6 3. Nxe5 d6 4. Nf3 Nxe4 5. d4 d5 6. Bd3 Nc6 7. O-O Bg4 8. c4 Be7 9. Nc3 Nf6 10. h3 Bxf3
11. Qxf3 Nxd4 12. Qe3 dxc4 13. Bxc4 Nc2 14. Qd3 Qxd3 15. Bxd3 Nxa1 16. b3 O-O-O 17. Bb1 Nxb3 18. axb3 Rhe8 19. Bb2 g6 20. Na4 Nd5
21. Bc2 b5 22. Nc3 Bf6 23. Nxd5 Bxb2 24. Ne3 Bd4 25. Re1 f5 26. g3 Bxe3 27. fxe3 Rd2
0-1

[Event "Kramniks Defense Pt. 1 "]
[Site "SchemingMind.com"]
[Date "2007.01.26"]
[Round "-"]
[White "dinoladetto"]
[Black "markjburden"]
[Result "1-0"]
[WhiteCountry "ITA"]
[BlackCountry "GBR"]
[WhiteElo "1659"]
[WhiteRD "75"]
[BlackElo "1732"]
[BlackRD "59"]
[GameID "88830"]

1. e4 e5 2. Nf3 Nf6 3. Nxe5 Qe7 4. d4 d6 5. Nf3 Qxe4+ 6. Qe2 Bf5 7. c3 Nbd7 8. Bg5 Be7 9. Qxe4 Bxe4 10. Nbd2 Bc6
11. Bd3 O-O-O 12. O-O h6 13. Rfe1 Rde8 14. Be3 g5 15. c4 a6 16. d5 Ne5 17. Nxe5 dxe5 18. dxc6 bxc6 19. c5 Nd5 20. Bxa6+ Kd7
21. Nb3 Nb4 22. Rad1+ Ke6 23. Bc4+ Nd5 24. a3 f6 25. Na5 Kd7 26. Bxd5 cxd5 27. Rxd5+ Ke6 28. Red1 Rd8 29. Rxd8 Rxd8 30. Rxd8 Bxd8
31. Nb7 Be7 32. b4 c6 33. Kf1 f5 34. Ke2 h5 35. a4 Kd7 36. Kd3 Kc7 37. Na5 Bf6 38. Nc4 e4+ 39. Kc2 f4 40. Bd2 f3
41. g3 Bd4 42. Be3 Bf6 43. Nd6 Be7 44. Nxe4
1-0

[Event "Kramniks Defense Pt. 1 "]
[Site "SchemingMind.com"]
[Date "2007.01.27"]
[Round "-"]
[White "dinoladetto"]
[Black "tacticrules"]
[Result "1-0"]
[WhiteCountry "ITA"]
[BlackCountry "GER"]
[WhiteElo "1712"]
[WhiteRD "74"]
[BlackElo "1554"]
[BlackRD "51"]
[GameID "88831"]

1. e4 e5 2. Nf3 Nf6 3. Nxe5 d6 4. Nf3 Nxe4 5. d4 d5 6. Bd3 Be7 7. O-O Nc6 8. Re1 Bf5 9. c4 Nb4 10. cxd5 Nxd3
11. Qxd3 Qxd5 12. Nc3 Nxc3 13. Qxc3 Be6 14. Qxc7 O-O 15. Qxe7 Rfe8 16. Qg5 Qxg5 17. Bxg5 Bg4 18. Ne5 Bf5 19. g4 f6 20. gxf5 fxg5
21. Nf3 h6 22. Rxe8+ Rxe8 23. Re1 Rxe1+ 24. Nxe1 Kf7 25. d5 Ke7 26. Nc2 a5 27. Kg2 Kd6 28. Ne3 b5 29. Kf3 h5 30. h4 g4+
31. Kf4
1-0

[Event "Kramniks Defense Pt. 1 "]
[Site "SchemingMind.com"]
[Date "2007.01.26"]
[Round "-"]
[White "dinoladetto"]
[Black "Adunatos"]
[Result "0-1"]
[WhiteCountry "ITA"]
[BlackCountry "NED"]
[WhiteElo "1659"]
[WhiteRD "75"]
[BlackElo "2189"]
[BlackRD "69"]
[GameID "88832"]

1. e4 e5 2. Nf3 Nf6 3. Nxe5 d6 4. Nf3 Nxe4 5. d4 d5 6. Bd3 Nc6 7. c4 Bb4+ 8. Nbd2 Bf5 9. Qc2 O-O 10. O-O Nxd2
11. Bxd2 Bxd3 12. Qxd3 dxc4 13. Qxc4 Bxd2 14. Nxd2 Qxd4 15. Qxd4 Nxd4 16. Nc4 Rad8 17. Ne3 f5 18. Rad1 Rfe8 19. Rfe1 Kf7 20. Kf1 f4
21. Nc4 Nc2 22. Ne5+ Rxe5 23. Rxe5 Rxd1+ 24. Ke2 Re1+
0-1

[Event "Kramniks Defense Pt. 1 "]
[Site "SchemingMind.com"]
[Date "2007.01.31"]
[Round "-"]
[White "markjburden"]
[Black "dinoladetto"]
[Result "1-0"]
[WhiteCountry "GBR"]
[BlackCountry "ITA"]
[WhiteElo "1732"]
[WhiteRD "59"]
[BlackElo "1659"]
[BlackRD "75"]
[GameID "88833"]

1. e4 e5 2. Nf3 Nf6 3. d4 Nxe4 4. Nxe5 d5 5. Qf3 Be6 6. Nc3 Bb4 7. Be2 O-O 8. O-O f6 9. Nd3 Nxc3 10. bxc3 Bxc3
11. Rb1 Bxd4 12. Rxb7 Bb6 13. Nf4 Bc8 14. Rxb6 axb6 15. Rd1 c6 16. a3 Bb7 17. Ne6 Qe7 18. Nxf8 Qxf8 19. c4 Qf7 20. Qf4 Nd7
21. cxd5 cxd5 22. Qc7 Nc5 23. Qxb6 Na4 24. Qb4 Bc6 25. Be3 Rc8 26. Rc1 Qb7 27. Bd1 Qxb4 28. axb4 Nb2 29. Bg4 Nd3 30. Bxc8 Nxc1
31. Bxc1 Kf7 32. Ba6
1-0

[Event "Kramniks Defense Pt. 1 "]
[Site "SchemingMind.com"]
[Date "2007.01.31"]
[Round "-"]
[White "tacticrules"]
[Black "dinoladetto"]
[Result "0-1"]
[WhiteCountry "GER"]
[BlackCountry "ITA"]
[WhiteElo "1554"]
[WhiteRD "51"]
[BlackElo "1712"]
[BlackRD "74"]
[GameID "88834"]

1. e4 e5 2. Nf3 Nf6 3. Nxe5 d6 4. Nf3 Nxe4 5. d4 d5 6. Bd3 Bd6 7. O-O O-O 8. c4 c6 9. cxd5 cxd5 10. Nc3 Nxc3
11. bxc3 Bg4 12. h3 Bh5 13. Re1 Qc7 14. Be2 Qxc3 15. Bd2 Qc6 16. Rc1 Qd7 17. Ne5 Bxe2 18. Qxe2 Bxe5 19. Qxe5 Nc6 20. Qf4 Rfe8
21. Rxe8+ Rxe8 22. Be3 Rc8 23. Qg4 Qxg4 24. hxg4 Ne7 25. Rxc8+ Nxc8 26. Kf1 b5 27. a3 Kf8 28. Ke2 Nd6 29. Kd3 Ke7 30. Kc3 a5
31. Bd2 Nc4 32. Bc1 Ke6 33. f4 Nd6 34. Kd3 h6 35. Bd2 Nc4 36. Bc3 f5
0-1

[Event "Kramniks Defense Pt. 1 "]
[Site "SchemingMind.com"]
[Date "2007.01.31"]
[Round "-"]
[White "Adunatos"]
[Black "dinoladetto"]
[Result "1-0"]
[WhiteCountry "NED"]
[BlackCountry "ITA"]
[WhiteElo "2189"]
[WhiteRD "69"]
[BlackElo "1659"]
[BlackRD "75"]
[GameID "88835"]

1. e4 e5 2. Nf3 Nf6 3. Nxe5 d6 4. Nf3 Nxe4 5. d4 d5 6. Bd3 Bd6 7. O-O O-O 8. c4 c6 9. Re1 Bg4 10. Bxe4 dxe4
11. Rxe4 f5 12. Re1 Bb4 13. Re3 c5 14. d5 Nc6 15. Bd2 Nd4 16. Bxb4 Nxf3+ 17. gxf3 Bxf3 18. Qxf3 cxb4 19. Nd2 Qc7 20. Rae1 Rad8
21. Re7 Rd7 22. Re8 Rf7 23. Qe3 b6 24. Nf3 Rxe8 25. Qxe8+ Rf8 26. Qe6+ Qf7 27. Qxf7+ Rxf7 28. Re8+ Rf8 29. Rxf8+ Kxf8 30. Nd4 Ke8
31. Nxf5
1-0

[Event "Kramniks Defense Pt. 1 "]
[Site "SchemingMind.com"]
[Date "2007.02.01"]
[Round "-"]
[White "Dr_Pat"]
[Black "dinoladetto"]
[Result "0-1"]
[WhiteCountry "USA"]
[BlackCountry "ITA"]
[WhiteElo "1519"]
[WhiteRD "49"]
[BlackElo "1659"]
[BlackRD "75"]
[GameID "88940"]

1. e4 e5 2. Nf3 Nf6 3. Nxe5 d6 4. Nf3 Nxe4 5. Nc3 Nxc3 6. dxc3 Be7 7. Be3 Nc6 8. Qd2 O-O 9. O-O-O Bg4 10. Qd5 Be6
11. Qb5 Bxa2 12. Qxb7 Na5 13. Qa6 Nb3+ 14. cxb3 Bxb3 15. Re1 d5 16. Nd4 Bc4 17. Bxc4 dxc4 18. Qxc4 Bd6 19. h4 Qf6 20. g4 Rab8
21. g5 Qe5 22. h5 Qa5 23. Nb3 Qa2 24. h6 Rxb3 25. Re2 Ba3 26. hxg7 Bxb2+ 27. Kd1 Rd8+
0-1

[Event "Kramniks Defense Pt. 1 "]
[Site "SchemingMind.com"]
[Date "2007.01.27"]
[Round "-"]
[White "Dr_Pat"]
[Black "markjburden"]
[Result "1-0"]
[WhiteCountry "USA"]
[BlackCountry "GBR"]
[WhiteElo "1519"]
[WhiteRD "49"]
[BlackElo "1732"]
[BlackRD "59"]
[GameID "88941"]

1. e4 e5 2. Nf3 Nf6 3. Nxe5 d6 4. Nf3 Qe7 5. Nc3 Bg4 6. h3 Bh5 7. g4 Bg6 8. d3 h6 9. Be3 Nc6 10. Bg2 Bh7
11. Qe2 g5 12. Nd4 Ne5 13. Nf5 Bxf5 14. exf5 Bg7 15. Bxb7 Rb8 16. Bg2 Rxb2 17. O-O-O Rb4 18. a3 Rb8 19. Bxa7 Rd8 20. d4 Nc6
21. Bxc6+ Nd7 22. Bxd7+ Rxd7 23. Qxe7+ Rxe7 24. Nd5 Rd7 25. Rhe1+ Kf8 26. f6
1-0

[Event "Kramniks Defense Pt. 1 "]
[Site "SchemingMind.com"]
[Date "2007.01.29"]
[Round "-"]
[White "Dr_Pat"]
[Black "tacticrules"]
[Result "0-1"]
[WhiteCountry "USA"]
[BlackCountry "GER"]
[WhiteElo "1559"]
[WhiteRD "50"]
[BlackElo "1554"]
[BlackRD "51"]
[GameID "88942"]

1. e4 e5 2. Nf3 Nf6 3. Nxe5 d6 4. Nf3 Nxe4 5. Nc3 Nxc3 6. dxc3 Be7 7. Be3 Nc6 8. Qd2 O-O 9. O-O-O Ne5 10. Nxe5 dxe5
11. Qe2 Qe8 12. Qc4 c6 13. Bd3 Be6 14. Qa4 a6 15. Qe4 f5 16. Qf3 e4 17. Bxe4 fxe4 18. Qxe4 Qf7 19. a3 Rad8 20. f4 Rxd1+
21. Rxd1 Bf5 22. Qe5 Bg6 23. Rf1 Bf6 24. Qc5 Qd5 25. Qxd5+ cxd5 26. g4 Be4 27. f5 Be5 28. h4 g6 29. Bc5 Rf7
0-1

[Event "Kramniks Defense Pt. 1 "]
[Site "SchemingMind.com"]
[Date "2007.01.28"]
[Round "-"]
[White "Dr_Pat"]
[Black "Adunatos"]
[Result "0-1"]
[WhiteCountry "USA"]
[BlackCountry "NED"]
[WhiteElo "1493"]
[WhiteRD "49"]
[BlackElo "2060"]
[BlackRD "102"]
[GameID "88943"]

1. e4 e5 2. Nf3 Nf6 3. Nxe5 d6 4. Nf3 Nxe4 5. d4 d5 6. Nbd2 Bd6 7. Bd3 O-O 8. O-O f5 9. c4 c6 10. Qb3 Qb6
11. c5 Qxb3 12. Nxb3 Bc7 13. Re1 b6 14. Bg5 Ba6 15. Nc1 h6 16. Be3 f4 17. Bd2 Bxd3 18. Nxd3 Na6 19. Rac1 bxc5 20. Nxc5 Naxc5
21. dxc5 g5 22. Bc3 g4 23. Nd2 Nxc3 24. Rxc3 Rab8 25. b3 Rbe8 26. Rxe8 Rxe8 27. f3 Ba5 28. Rc2 Re2
0-1

[Event "Kramniks Defense Pt. 1 "]
[Site "SchemingMind.com"]
[Date "2007.02.02"]
[Round "-"]
[White "dinoladetto"]
[Black "Dr_Pat"]
[Result "1-0"]
[WhiteCountry "ITA"]
[BlackCountry "USA"]
[WhiteElo "1659"]
[WhiteRD "75"]
[BlackElo "1519"]
[BlackRD "49"]
[GameID "88944"]

1. e4 e5 2. Nf3 Nf6 3. Nxe5 d6 4. Nf3 Nxe4 5. d4 d5 6. Bd3 Bd6 7. O-O O-O 8. c4 Nf6 9. c5 Be7 10. Nc3 Nc6
11. Re1 Bg4 12. Be2 Ne4 13. h3 Bxf3 14. Bxf3 Nxc3 15. bxc3 Qc8 16. Bxd5 Qd7 17. Bf3 Rfe8 18. Qa4 b6 19. Qxc6 Qxc6 20. Bxc6
1-0

[Event "Kramniks Defense Pt. 1 "]
[Site "SchemingMind.com"]
[Date "2007.01.27"]
[Round "-"]
[White "markjburden"]
[Black "Dr_Pat"]
[Result "1-0"]
[WhiteCountry "GBR"]
[BlackCountry "USA"]
[WhiteElo "1732"]
[WhiteRD "59"]
[BlackElo "1519"]
[BlackRD "49"]
[GameID "88945"]

1. e4 e5 2. Nf3 Nf6 3. d4 Nxe4 4. Bd3 d5 5. Nxe5 Nd7 6. Nxf7 Kxf7 7. Qh5+ Ke6 8. Qg4+ Kd6 9. Bxe4 dxe4 10. Qf4+ Ke7
11. Qxe4+ Kf7 12. Qd5+ Ke8 13. O-O c6 14. Re1+ Be7 15. Qc4 Nb6 16. Qb3 Kf8 17. Qf3+ Kg8 18. Qb3+ Nd5 19. Nc3 Bb4 20. Bd2 Bxc3
21. bxc3 a5 22. c4 Nf6 23. Bg5 a4 24. Qf3 Bg4 25. Bxf6 Qd7 26. Qg3 gxf6 27. h3 Qxd4 28. hxg4 Qxc4 29. Qc7 b5 30. Re7
1-0

[Event "Kramniks Defense Pt. 1 "]
[Site "SchemingMind.com"]
[Date "2007.01.29"]
[Round "-"]
[White "tacticrules"]
[Black "Dr_Pat"]
[Result "0-1"]
[WhiteCountry "GER"]
[BlackCountry "USA"]
[WhiteElo "1577"]
[WhiteRD "50"]
[BlackElo "1566"]
[BlackRD "57"]
[GameID "88946"]

1. e4 e5 2. Nf3 Nf6 3. Nxe5 d6 4. Nf3 Nxe4 5. d4 d5 6. Bd3 Bd6 7. O-O O-O 8. c4 c6 9. Nc3 Nxc3 10. bxc3 dxc4
11. Bxc4 Nd7 12. Re1 Nf6 13. h3 b5 14. Bd3 Be6 15. Qc2 a5 16. Bg5 h6 17. Bxf6 Qxf6 18. Rad1 a4 19. Ne5 c5 20. Be4 Rac8
21. Nf3 cxd4 22. Nxd4 Bc5 23. Nxe6 fxe6 24. Bf3 Qh4 25. Rxe6 Rce8 26. Rxe8 Rxe8 27. Qd3 Bb6 28. Qxb5 Qxf2+ 29. Kh1 Re1+ 30. Rxe1 Qxe1+
31. Kh2 Bc7+ 32. g3 Bxg3+ 33. Kg2 Qf2+
0-1

[Event "Kramniks Defense Pt. 1 "]
[Site "SchemingMind.com"]
[Date "2007.01.28"]
[Round "-"]
[White "Adunatos"]
[Black "Dr_Pat"]
[Result "1-0"]
[WhiteCountry "NED"]
[BlackCountry "USA"]
[WhiteElo "2060"]
[WhiteRD "102"]
[BlackElo "1493"]
[BlackRD "49"]
[GameID "88947"]

1. e4 e5 2. Nf3 Nf6 3. Nxe5 d6 4. Nf3 Nxe4 5. d4 d5 6. Bd3 Be7 7. O-O O-O 8. c4 Nc6 9. cxd5 Qxd5 10. Nc3 Nxc3
11. bxc3 Bg4 12. Re1 Bf6 13. Be4 Qa5 14. Bd2 Rae8 15. Qc2 Bxf3 16. Bxf3 Bg5 17. Bxg5 Qxg5 18. Re2 Na5 19. Rae1 Rxe2 20. Rxe2 b6
21. Re5 f5 22. Be4 Nc4 23. Bd5+ Kh8 24. Bxc4 h6 25. h4 Qxh4 26. Rxf5 Rxf5 27. Qxf5 a5 28. Qf8+
1-0

[Event "Kramniks Defense Pt. 1 "]
[Site "SchemingMind.com"]
[Date "2007.02.01"]
[Round "-"]
[White "solmash"]
[Black "dinoladetto"]
[Result "0-1"]
[WhiteCountry "PHI"]
[BlackCountry "ITA"]
[WhiteElo "1546"]
[WhiteRD "74"]
[BlackElo "1712"]
[BlackRD "74"]
[GameID "89053"]

1. e4 e5 2. Nf3 Nf6 3. Nc3 Nc6 4. g3 Bb4 5. Bc4 d6 6. a3 Bc5 7. b4 Bd4 8. Nxd4 Nxd4 9. O-O c6 10. d3 Bg4
11. f3 Bh3 12. Rf2 Qd7 13. Bg5 Nh5 14. f4 Bg4 15. Qf1 Bh3 16. Qd1 Bg4 17. Qf1 Bh3 18. Qe1 f6 19. Bh4 exf4 20. Ne2 Nxc2
21. Qd1 Nxa1 22. Qxa1 g5 23. Nxf4 Nxf4 24. Qxf6 Rf8
0-1

[Event "Kramniks Defense Pt. 1 "]
[Site "SchemingMind.com"]
[Date "2007.01.28"]
[Round "-"]
[White "solmash"]
[Black "markjburden"]
[Result "0-1"]
[WhiteCountry "PHI"]
[BlackCountry "GBR"]
[WhiteElo "1546"]
[WhiteRD "74"]
[BlackElo "1748"]
[BlackRD "61"]
[GameID "89054"]

1. e4 e5 2. Nf3 Nf6 3. d3 d5 4. exd5 Qxd5 5. Be2 Nc6 6. O-O Be7 7. Be3 Be6 8. Nc3 Qd7 9. Ne4 O-O-O 10. a4 Nxe4
11. dxe4 Kb8 12. Qe1 f5 13. a5 a6 14. c3 f4 15. Rd1 Qc8 16. b4 fxe3 17. fxe3 g5 18. b5 axb5 19. Bxb5 Na7 20. a6 Rxd1
21. Qxd1 Nxb5 22. a7+ Nxa7 23. Nxe5 Bd6 24. Nf3 h6 25. Nd4 Bd7 26. Qb3 Qe8 27. Ra1 Bc5 28. Rb1 Bb6 29. c4 Qxe4
0-1

[Event "Kramniks Defense Pt. 1 "]
[Site "SchemingMind.com"]
[Date "2007.01.28"]
[Round "-"]
[White "solmash"]
[Black "Dr_Pat"]
[Result "1-0"]
[WhiteCountry "PHI"]
[BlackCountry "USA"]
[WhiteElo "1546"]
[WhiteRD "74"]
[BlackElo "1559"]
[BlackRD "50"]
[GameID "89055"]

1. e4 e5 2. Nf3 Nf6 3. d3 Nc6 4. g3 Be7 5. Bg2 O-O 6. O-O d5 7. exd5 Nxd5 8. Bd2 Re8 9. Nc3 Nxc3 10. Bxc3 Bd6
11. Re1 Bf5 12. Qd2 h6 13. Nh4 Bh7 14. Re3 Bc5 15. Re2 Qd6 16. Rae1 Rad8 17. Nf3 f6 18. a3 Bb6 19. b4 Bf5 20. Bb2 a6
21. Nh4 Bg4 22. Re4 f5 23. Rc4 e4 24. Qc3
1-0

[Event "Kramniks Defense Pt. 1 "]
[Site "SchemingMind.com"]
[Date "2007.01.29"]
[Round "-"]
[White "solmash"]
[Black "tacticrules"]
[Result "0-1"]
[WhiteCountry "PHI"]
[BlackCountry "GER"]
[WhiteElo "1546"]
[WhiteRD "74"]
[BlackElo "1554"]
[BlackRD "51"]
[GameID "89056"]

1. e4 e5 2. Nf3 Nf6 3. d3 Nc6 4. g3 Bc5 5. Bg2 d6 6. O-O O-O 7. Bg5 h6 8. Bd2 Bg4 9. h3 Bxf3 10. Bxf3 a6
11. Nc3 Re8 12. Qc1 Kh7 13. g4 Nd4 14. Bg2 Qe7 15. a3 c6 16. b4 Ba7 17. Ne2 Nxe2+
0-1

[Event "Kramniks Defense Pt. 1 "]
[Site "SchemingMind.com"]
[Date "2007.01.28"]
[Round "-"]
[White "solmash"]
[Black "Adunatos"]
[Result "0-1"]
[WhiteCountry "PHI"]
[BlackCountry "NED"]
[WhiteElo "1546"]
[WhiteRD "74"]
[BlackElo "2214"]
[BlackRD "66"]
[GameID "89057"]

1. e4 e5 2. Nf3 Nf6 3. Bc4 Nc6 4. d3 Be7 5. O-O O-O 6. Nc3 d6 7. Be3 Bg4 8. h3 Bh5 9. g4 Nxg4 10. hxg4 Bxg4
11. Nd5 Na5 12. Kg2 Nxc4 13. dxc4 f5 14. Qd2 f4 15. Nxf4 exf4 16. Bxf4 Bxf3+ 17. Kxf3 Bg5
0-1

[Event "Kramniks Defense Pt. 1 "]
[Site "SchemingMind.com"]
[Date "2007.02.02"]
[Round "-"]
[White "dinoladetto"]
[Black "solmash"]
[Result "1-0"]
[WhiteCountry "ITA"]
[BlackCountry "PHI"]
[WhiteElo "1712"]
[WhiteRD "74"]
[BlackElo "1546"]
[BlackRD "74"]
[GameID "89058"]

1. e4 e5 2. Nf3 Nf6 3. Nxe5 Bb4 4. c3 Ba5 5. Bc4 O-O 6. d3 d6 7. Nf3 Bg4 8. Bg5 Nc6 9. a4 h6 10. Bxf6 Qxf6
11. Nbd2 Ne5 12. Rc1 c5 13. Bd5 Nxd3+ 14. Kf1 Nxc1 15. Qxc1 Rab8 16. h3 Bh5 17. g4 Bg6 18. Kg2 Bc7 19. c4 Rfe8 20. Re1 Re7
21. Ng1 h5 22. f3 hxg4 23. hxg4 Ba5 24. Rf1 Bh7 25. Nb3 Bb4 26. Nh3 b6 27. Rh1 g6 28. Ng5
1-0

[Event "Kramniks Defense Pt. 1 "]
[Site "SchemingMind.com"]
[Date "2007.01.30"]
[Round "-"]
[White "markjburden"]
[Black "solmash"]
[Result "1-0"]
[WhiteCountry "GBR"]
[BlackCountry "PHI"]
[WhiteElo "1748"]
[WhiteRD "61"]
[BlackElo "1546"]
[BlackRD "74"]
[GameID "89059"]

1. e4 e5 2. Nf3 Nf6 3. d4 exd4 4. e5 Nd5 5. Qxd4 c6 6. Bc4 Be7 7. O-O O-O 8. Re1 b6 9. Bxd5 cxd5 10. Qxd5 Nc6
11. Nc3 Rb8 12. Bf4 Bb4 13. Bd2 Bb7 14. Qd3 h6 15. a3 Bc5 16. b4 Bxb4 17. axb4 Nxb4 18. Qf5 Bxf3 19. gxf3 g6 20. Qe4 Nc6
21. Qe3 Qc7 22. Nd5 Qd8 23. Nf6+
1-0

[Event "Kramniks Defense Pt. 1 "]
[Site "SchemingMind.com"]
[Date "2007.01.30"]
[Round "-"]
[White "Dr_Pat"]
[Black "solmash"]
[Result "0-1"]
[WhiteCountry "USA"]
[BlackCountry "PHI"]
[WhiteElo "1566"]
[WhiteRD "57"]
[BlackElo "1571"]
[BlackRD "71"]
[GameID "89060"]

1. e4 e5 2. Nf3 Nf6 3. Nxe5 Bc5 4. d4 Bb4+ 5. c3 Be7 6. Bd3 O-O 7. Bg5 d6 8. Bxf6 Bxf6 9. Nf3 Bg4 10. h3 Bh5
11. Nbd2 Nd7 12. Qb3 b6 13. g4 Bg6 14. h4 h5 15. g5 c5 16. gxf6 Nxf6 17. O-O-O Ng4 18. Rhf1 d5 19. dxc5 bxc5 20. Bc2 c4
21. Qb5 Nf6 22. exd5 Bxc2 23. Kxc2 Ng4 24. Qxc4 Qd7 25. Kb1 Rab8 26. Ne4 Rfc8 27. Qd4 Qb5 28. b3 Qd7 29. Ne5 Nxe5 30. Qxe5 Re8
31. Qd6 Qf5 32. f3 a5 33. Kb2 a4 34. b4 Ra8 35. a3 Qc8 36. Nc5 Re2+ 37. Ka1 Qh3
0-1

[Event "Kramniks Defense Pt. 1 "]
[Site "SchemingMind.com"]
[Date "2007.01.30"]
[Round "-"]
[White "tacticrules"]
[Black "solmash"]
[Result "1/2-1/2"]
[WhiteCountry "GER"]
[BlackCountry "PHI"]
[WhiteElo "1577"]
[WhiteRD "50"]
[BlackElo "1571"]
[BlackRD "71"]
[GameID "89061"]

1. e4 e5 2. Nf3 Nf6 3. Nxe5 Bc5 4. d4 Bb4+ 5. c3 Ba5 6. Bc4 O-O 7. O-O d6 8. Nf3 Bg4 9. h3 Bh5 10. e5 dxe5
11. dxe5 Qxd1 12. Rxd1 Ne8 13. Nbd2 Nc6 14. Be2 Bg6 15. Nf1 Bb6 16. Be3 Bxe3 17. Nxe3 Be4 18. Ng5 Bg6 19. Nf3 Bh5 20. g4 Bg6
21. Rd2 Nd8 22. Rad1 Ne6 23. Bc4 Be4 24. Ne1 a6 25. f3 Bc6 26. Kf2 g6 27. N1g2 N8g7 28. Nd5=
1/2-1/2

[Event "Kramniks Defense Pt. 1 "]
[Site "SchemingMind.com"]
[Date "2007.01.30"]
[Round "-"]
[White "Adunatos"]
[Black "solmash"]
[Result "1-0"]
[WhiteCountry "NED"]
[BlackCountry "PHI"]
[WhiteElo "2214"]
[WhiteRD "66"]
[BlackElo "1546"]
[BlackRD "74"]
[GameID "89062"]

1. e4 e5 2. Nf3 Nf6 3. Nxe5 Bc5 4. d4 Bb4+ 5. c3 Ba5 6. Nc4 Nc6 7. d5 O-O 8. dxc6 bxc6 9. Nxa5 Nxe4 10. Bd3 Nf6
11. O-O d5 12. Nxc6 Qd6 13. Nd4 Ng4 14. Nf3 Bb7 15. Bxh7+ Kh8 16. Bd3 g6 17. Qa4 d4 18. Qxd4+ Qxd4 19. Nxd4 Rad8 20. Be2 Nf6
21. Nb5
1-0

[Event "Kramniks Defense Pt. 1 "]
[Site "SchemingMind.com"]
[Date "2007.02.01"]
[Round "-"]
[White "dumix"]
[Black "dinoladetto"]
[Result "1-0"]
[WhiteCountry "INT"]
[BlackCountry "ITA"]
[WhiteElo "1990"]
[WhiteRD "104"]
[BlackElo "1659"]
[BlackRD "75"]
[GameID "89093"]

1. e4 e5 2. Nf3 Nf6 3. Nxe5 d6 4. Nf3 Nxe4 5. d4 d5 6. Bd3 Bd6 7. O-O O-O 8. c4 c6 9. Qc2 f5 10. Nc3 Nxc3
11. bxc3 dxc4 12. Bxc4+ Kh8 13. Bg5 Be7 14. Bxe7 Qxe7 15. Rfe1 Qf6 16. Qe2 Bd7 17. Qe7 b5 18. Bb3 a5 19. a4 b4 20. cxb4 axb4
21. Qxb4 c5 22. Qxc5 Nc6 23. Ne5 Nxe5 24. dxe5 Qc6 25. Qxc6 Bxc6 26. a5 Ra7 27. Rec1 Bb5 28. e6 Rfa8 29. Rc5 Be8 30. Rxf5 g6
31. Re5 Kg7 32. f4 Kf6 33. Rc5 Rb8 34. Bc4 Rb2 35. a6 Rc2 36. Raa5 Ra8 37. Rc7 Rd8 38. a7 Rd1+ 39. Bf1 Rxc7 40. a8=Q Rcc1
41. h3 Rxf1+ 42. Kh2 Bc6 43. Qd8+ Kxe6 44. Re5+ Kf7 45. Re7+ Kf6 46. Qf8#
1-0